Welcome to CU Library Online Public Access Catalogue (OPAC)

The Cross of Christ / (Record no. 9370)

MARC details
000 -LEADER
fixed length control field 00584pam a2200205 a 4500
001 - CONTROL NUMBER
control field 4297373
005 - DATE AND TIME OF LATEST TRANSACTION
control field 20260421153250.0
008 - FIXED-LENGTH DATA ELEMENTS--GENERAL INFORMATION
fixed length control field 860912s1986 ilu b 001 0 eng
020 ## - INTERNATIONAL STANDARD BOOK NUMBER
International Standard Book Number 0877849986 :
Terms of availability $14.95
020 ## - INTERNATIONAL STANDARD BOOK NUMBER
International Standard Book Number 9780877849988
050 00 - LIBRARY OF CONGRESS CALL NUMBER
Classification number BT453
Item number .S675 1986
082 00 - DEWEY DECIMAL CLASSIFICATION NUMBER
Classification number 232/.3
Edition information 19
100 1# - MAIN ENTRY--PERSONAL NAME
Personal name Stott, John R. W.
245 14 - TITLE STATEMENT
Title The Cross of Christ /
Statement of responsibility, etc. John R.W. Stott.
260 ## - PUBLICATION, DISTRIBUTION, ETC.
Place of publication, distribution, etc. Downers Grove, Ill. :
Name of publisher, distributor, etc. InterVarsity Press,
Date of publication, distribution, etc. c1986.
300 ## - PHYSICAL DESCRIPTION
Extent 383 p. ;
Dimensions 24 cm.
500 ## - GENERAL NOTE
General note Includes indexes.
650 #0 - SUBJECT ADDED ENTRY--TOPICAL TERM
Topical term or geographic name entry element Christian life
General subdivision Anglican authors.
942 ## - ADDED ENTRY ELEMENTS (KOHA)
Source of classification or shelving scheme Library of Congress Classification
Koha item type Books
Suppress in OPAC No
999 ## -
-- 9370
-- 9370
Holdings
Withdrawn status Lost status Source of classification or shelving scheme Damaged status Not for loan Collection Home library Current library Shelving location Date acquired Total checkouts Full call number Barcode Date last seen Price effective from Koha item type
    Library of Congress Classification     Non-fiction Main Library (Kumasi) Main Library (Kumasi) General stacks 04/21/2026   BT453.S675 STO bssk00000103 04/21/2026 04/21/2026 Books
© 2023-2024 Copyright: Central University Libraries. All Rights Reserved | Created by: Mahone Tech Office